| 000 | 00442nam a22001697a 4500 | ||
|---|---|---|---|
| 003 | MPLRDC | ||
| 005 | 20220104124737.0 | ||
| 008 | 210129b ||||| |||| 00| 0 eng d | ||
| 082 | _a539.52 LYL | ||
| 100 | _a四川省万县市食品公司主编 | ||
| 245 |
_a三峡传说故事 _c |
||
| 250 | _a一版一刷 | ||
| 260 |
_a _b中国民间文艺出版社 _c1987 |
||
| 300 | _b平 | ||
| 650 | _a中国民间传说 | ||
| 942 |
_cBK _o539.52 LYL |
||
| 999 |
_c21807 _d21797 |
||